Из дневника первого заместителя наркома иностранных дел СССР А. Я. Вышинского - беседа с послом Великобритании в СССР С. Криппсо...

RUSMARC
00006084cbm0a2200373#x 450
00177e91b85-c9ef-44bb-a56d-7942f71f6443
00520210528132942.0
100##$a20210526j19401010k###0rusy50 ca
1010#$arus
102##$aRU
1221#$ad19401010##
$ad19401009##
2001#$aИз дневника первого заместителя наркома иностранных дел СССР А. Я. Вышинского - беседа с послом Великобритании в СССР С. Криппсом о незаконном задержании в британских портах, а также портах Канады и о. Цейлона эстонских и латвийских морских судов с приложением ноты советского правительства от 9 октября 1940 г.
$j10 октября 1940 г.
251##$cДокумент
300##$aЗаверенная копия
461#0$12001
$aФ. 07
$1251
$cФонд
$1852
$j07
462#0$12001
$aОп. 1. П. 2
$1251
$cОпись
$1852
$j1. П. 2
462#0$12001
$aД. 22
$vЛ. 11-18
$1251
$cДело
$1852
$j22
600#1$2prlib_sh
$3LIBNET\UAF\0000091749
$aКриппс
$bР.С.
$gРичард Стаффорд
$f1889-1952
$jДокументы и материалы
605##$2prlib_sh
$3LIBNET\UAF\0000088514
$aВторая мировая война в архивных документах (Комплекс оцифрованных архивных документов, кино- и фотоматериалов)
$lколлекция
6061#$2prlib_sh
$3LIBNET\UAF\0000095027
$aМорские суда
$xАрест
$xИстория
$jДокументы и материалы
607##$2prlib_sh
$3LIBNET\UAF\0000095022
$aВеликобритания
$xВзаимоотношения
$yСССР
$z1940
$jДокументы и материалы
607##$2prlib_sh
$3LIBNET\UAF\0000095021
$aСССР
$xВзаимоотношения
$yВеликобритания
$z1940
$jДокументы и материалы
617##$2prlib_sh
$aВеликобритания
$f1940
617##$2prlib_sh
$aКанада
$f1940
617##$2prlib_sh
$aЭстония
$f1940
617##$2prlib_sh
$aЛатвия
$f1940
686##$a63.3(2)621-6ю11
$vLBC/M
$2rubbk
686##$a63.3(4Вел)62-6ю11
$vLBC/M
$2rubbk
801#0$aRU
$bПБ им. Б.Н. Ельцина
$c20210526
801#1$aRU
$bПБ им. Б.Н. Ельцина
$c20210526
$2rusmarc
801#2$aRU
$bПБ им. Б.Н. Ельцина
$c20210528
$2rusmarc
850##$aАрхив внешней политики Российской Федерации
852##$aАВП РФ
$jЛ. 11-18
8564#$nПБ им. Б.Н. Ельцина
$uhttp://readingroom.main.prlib.ru/item.aspx?id_node=n163982610&mode=full
035##$aLIBNET\0001156472
937##$d163982610
$hФедеральное архивное агентство
Формат отображения